000 00435pab a2200169 454500
008 180718b2006 xxu||||| |||| 00| 0 eng d
100 _aChatterjee, Biswajit
245 _aCost efficiency and commercial bank lending: some empirical results
260 _c2006
300 _ap.145-63.
362 _aApr-Jun
650 _aBanks
700 _aSinha, Ram Pratap
773 _aIndian Economic Journal
908 _aN
909 _a78984
999 _c78984
_d78984